000 00760nam a2200181Ia 4500
008 151202s9999||||xx |||||||||||||| ||und||
082 _bPNVM-48512
100 _aवैद्य अमरेंद्र.
245 _aवैज्ञानिकांचे अवकाश आणि पृथ्वी.
260 _b"ज्ञानगंगा प्रकाशन, पुणे."
260 _c0
300 _a48
600 _aवैद्य अमरेंद्र.
630 _aवैज्ञानिकांचे अवकाश आणि पृथ्वी.
700 _aवैद्य अमरेंद्र.
730 _aवैज्ञानिकांचे अवकाश आणि पृथ्वी.
942 _cBOOK
999 _c1314458
_d1314455